| 000 | nam a22 7a 4500 | ||
|---|---|---|---|
| 999 |
_c329651 _d329651 |
||
| 003 | NUST | ||
| 005 | 20170516172612.0 | ||
| 008 | 170516b xxu||||| |||| 00| 0 eng d | ||
| 040 | _cDLC | ||
| 082 | _a624.112 RAJ | ||
| 100 |
_aRajput, R. K. _9936 |
||
| 245 | _aStrength of Materials [Mechanics of Solids] / | ||
| 260 |
_aNew Delhi : _bS. Chand and Company Ltd, |
||
| 300 | _a 1424p. ; | ||
| 942 |
_2ddc _cBK |
||